| 000 | 00575nam a2200217Ia 4500 | ||
|---|---|---|---|
| 008 | 220204s9999 xx 000 0 und d | ||
| 020 | _a9780123849052 | ||
| 082 |
_a631.81 _bMAR |
||
| 100 | _aMarschner, Petra | ||
| 245 | 0 | _aMarschner's mineral nutrition of higher plants | |
| 250 | _aEd.3 | ||
| 260 |
_aAmsterdam _bElsevier _c2012 |
||
| 650 | _aCarbon fluxes | ||
| 650 | _aMacronutrients | ||
| 650 | _aNutritional physiology | ||
| 650 | _aPlant diseases | ||
| 650 | _aPlant nutrition | ||
| 650 | _aPlant-soil relationship | ||
| 650 | _aRhizosphere | ||
| 942 | _cBK | ||
| 999 |
_c43014 _d43014 |
||